000 01166nam0a2200349 4500
001 RU\NLR\BIBL_A\012414591
005 20201216182536.0
010 _a978-5-17-122958-0
_93000
021 _aRU
_bКН-П-20-038859
_9КН-П-20-2941
035 _a(NLR Aleph) 012414591
035 _a(RuMoRGB)010377714
090 _a11792665
_c11792665
100 _a20201202d2020 u y0rusy50 ca
101 1 _arus
_ceng
102 _aRU
105 _ay|||z|||000ay
181 0 _ai
_baxxe
182 0 _an
200 1 _aСпасенная горцем
_e[роман]
_fСабрина Йорк
_g[перевод с английского Т. А. Перцевой]
203 _aТекст
_bвизуальный
_cнепосредственный
210 _aМосква
_cАСТ
_d2020
215 _a349, [1] с.
_d17
225 1 _aСерия "Шарм"
225 1 _aМиниШарм
333 _a16+
686 1 _aШ6(7США)67-440.4{Лх1979-50}
700 1 _7ca
_8rus
_aЙорк
_bС.
_gСабрина
_9182072
_3RU\NLR\AUTH\770182123
942 _cBOOK
980 _aNBR
980 _aNB